Statystyki dla Podaj pasującą odpowiedź - TOP 100 największych miast USA

Kliknij tutaj aby rozwiązać quiz!

Ogólne statystyki

  • Ten quiz został rozwiązany 23 razy
  • Średni wynik to 11 z 15

Statystyki odpowiedzi

PodpowiedźMiasto% Poprawnych
Miasto, które posiada zespół w każdej z 4 wymienionych lig (NBA, NHL, MLB, NFL)Nowy Jork/Los Angeles/Chicago/Boston/Dallas/Denver/Detroit/Miami/Minneapolis/St. Paul/Philadelphia/Phoenix/Waszyngton
94%
Miasto z dwuczłonową nazwąNowy Jork/Los Angeles/San Antonio/San Diego/San José/San Francisco/Fort Worth/El Paso/Las Vegas/Oklahoma City/Long Beach/Kansas City/Virginia Beach/Colorado Springs/St. Louis/Santa Ana/Corpus Christi/St. Paul/Fort Wayne/St. Petersburg/Jersey City/Baton Rouge/Nowy Orlean/Chula Vista
94%
Miasto zaczynające się i kończące się na samogłoskęEl Paso/Oklahoma City/Albuquerque/Atlanta/Omaha/Aurora/Anchorage/Orlando
89%
Miasta zakończone na -villeJacksonville/Louisville/Nashville
89%
Miasta, których kluby wygrały MLSWaszyngton/Chicago/Kansas City/Los Angeles/San José/Houston/Columbus/Denver/Portland/Seattle/Atlanta/Nowy Jork
89%
Miasto ze stanu na literę 'M'Detroit/Baltimore/Boston/Kansas City/Minneapolis/St. Louis/St. Paul
83%
Miasta na których wzorowane były miasta z uniwersum GTALos Angeles/Nowy Jork/Miami/San Francisco/Las Vegas
83%
Miasto z Kalifornii z jednym słowem w nazwieFresno/Sacramento/Oakland/Anaheim/Bakersfield/Riverside/Stockton/Modesto/Fremont/Glendale
78%
Stolica swojego stanuPhoenix/Indianapolis/Columbus/Austin/Boston/Denver/Nashville/Oklahoma City/Atlanta/Honolulu/Raleigh/St. Paul/Lincoln/Baton Rouge/Madison/Montgomery
78%
Posiada w nazwie słowo 'Święty" w dowolnej formieSan Antonio/San Diego/San José/San Francisco/St. Louis/Santa Ana/St. Paul/St. Petersburg
78%
Miasta-siedziby największych amerykańskich linii lotniczych (Delta, American, United, Southwest, Pan Am*)Atlanta/Fort Worth/Chicago/Dallas/Miami
72%
Miasta, które wygrały jedną z 5 największych lig USA (MLS, NBA, NHL, MLB, NFL) w 2023 rokuColumbus/Denver/Las Vegas/Arlington/Kansas City
72%
Miejsce urodzenia prezydenta USARaleigh/Nowy Jork/Cincinnati/Omaha/Honolulu
61%
Miasto, które dzieli nazwę ze znanym europejskim miastemSt. Petersburg/Birmingham
44%
Ludność poniżej 200 000 mieszkańcówArlington/Glendale
33%

Rozkład punktacji

Percentyl według liczby udzielonych odpowiedzi

Procent ludzi z każdym wynikiem

Twoja historia wyników

Nie rozwiązałeś tego quizu